Rorschach Test (Record no. 9746)

MARC details
000 -LEADER
fixed length control field 00578nam a2200229 a 4500
020 ## - INTERNATIONAL STANDARD BOOK NUMBER
ISBN
082 00 - DEWEY DECIMAL CLASSIFICATION NUMBER
Classification number 155.2842
Author Cutter MIS
100 ## - MAIN ENTRY--AUTHOR NAME
Author name Misra, Rajendra
245 ## - TITLE STATEMENT
Title Rorschach Test
Sub title Theory and Practice
260 ## - PUBLICATION, DISTRIBUTION, ETC. (IMPRINT)
Place of publication New Delhi
Name of publisher Sage Publications
Year of publication 1996
300 ## - PHYSICAL DESCRIPTION
Number of Pages 290p
500 ## - GENERAL NOTE
General note includes index and biblioraphy
505 2# - FORMATTED CONTENTS NOTE
Formatted contents note Appendix, Index, References
650 ## - SUBJECT ADDED ENTRY--TOPICAL TERM
Topical Term Rorschach Test
942 ## - ADDED ENTRY ELEMENTS (KOHA)
Koha item type Books
Holdings
Collection code Home library Current library Date acquired Cost, normal purchase price Full call number Accession Number Koha item type
  Henry Martyn Institute Library Henry Martyn Institute Library 07/31/2007 425.00 155.2842 MIS 017329 Books
                   Copyright © 2026 | Henry Martyn Institute | Hyderabad | TS-500052 | INDIA | Implemented by hmi.edu.in
Hit-Count:

Powered by Koha